000 00289nam a22001337a 4500
008 170715b xxu||||| |||| 00| 0 eng d
020 _a0231040326
041 _aeng
080 _a572
100 _a24
101 _aANT
245 _aSYMBOLIC ANTHROPOLOGY
_cDOLGIN, J.L
942 _2udc
_cBK
999 _c21143
_d21143